Statistics for Capitals of the Countries that Start with T

Click here to take the quiz!

General Stats

  • This quiz has been taken 37 times
  • The average score is 8 of 11

Answer Stats

Country Capital % Correct
TurkeyAnkara
97%
TaiwanTaipei
97%
ThailandBangkok
92%
TunisiaTunis
92%
TanzaniaDodoma
64%
Trinidad and TobagoPort-of-Spain
64%
TogoLomé
58%
TajikistanDushanbe
56%
TurkmenistanAshgabat
56%
TongaNuku Ľalofa
44%
TuvaluFunafuti
44%

Score Distribution

Percentile by Number Answered

Percent of People with Each Score

Your Score History

You have not taken this quiz